Stolice niemieckich landów - nagła śmierć - Statystyki

Ogólne statystyki
  • Ten quiz został rozwiązany 1 015 razy
  • Średni wynik to 4 z 16
Answers on the Grid
Answers color-coded by a green-red scale on the quiz's grid according to % correct below.
Berlin
Bonn
Brandenburg nad Hawelą
Brema
Brunszwik
Dortmund
Drezno
Düsseldorf
Erfurt
Frankfurt nad Menem
Frankfurt nad Odrą
Hamburg
Hanower
Kilonia
Koblencja
Kolonia
Lipsk
Lubeka
Magdeburg
Moguncja
Monachium
Norymberga
Poczdam
Rostock
Saarbrücken
Schwerin
Stuttgart
Wiesbaden
 
Statystyki odpowiedzi
Odpowiedź % Poprawnych
Berlin
63%
Monachium
52%
Hamburg
45%
Brema
35%
Stuttgart
29%
Drezno
28%
Hanower
26%
Saarbrücken
23%
Poczdam
20%
Düsseldorf
18%
Erfurt
14%
Kilonia
14%
Magdeburg
13%
Wiesbaden
13%
Moguncja
9%
Schwerin
9%
Nie znaleziono quizów pasujących do podanych kryteriów
Rozkład punktacji
Procent ludzi z każdym wynikiem
Percentyl według liczby udzielonych odpowiedzi
Twoja historia wyników
Nie rozwiązałeś tego quizu